000
00242nam a2200097Ia 4500
001
780499
005
20250826170125.0
008
250824s9999 xx 000 0 und d
245
0
_a
BİR ÇİFT YÜREK
_c
MARLO MORGAN
260
_b
PORTAKAL YAYINLARI
999
_c
780499
_d
780499